01471nab a22002417a 4500999001500000003000400015005001700019008004100036040000700077100003300084245008600117260007300203300001200276500003400288505054800322505008100870650002300951650004000974650001401014700003301028773015501061942001301216 c6447d6447OSt20260204104406.0190429b xxu||||| |||| 00| 0 spa d cPJ aArias, Florencia Carla9707210aCompensación por pena ilícita /cFlorencia Carla Arias, Georgina Daiana Losco cCiudad Autónoma de Buenos Aires :aThomson Reuters La Ley, b2024. ap. 3-15 aCita Online: AR/DOC/154/2024. aSumario: I. Situaciones que podrían configurar penas ilícitas en contextos de encierro.— II. Posibles soluciones.— III. Casos de la Corte Interamericana de Derechos Humanos.— IV. Jurisprudencia de la Corte Suprema de Justicia de la Nación sobre responsabilidad del estado por hechos ocurridos en contextos de encierro.— V. Cámara Nacional de Casación en lo Criminal y Correccional.— VI. Juzgado de Ejecución Penal.— VII. Tribunal Oral en lo Criminal y Correccional de Capital Federal.— VIII. Consideraciones finales.  tSi te interesa el texto completo, solicitalo a koha@justierradelfuego.gov.ar 09343aDERECHO PENAL 092208aPENA PRIVATIVA DE LA LIBERTAD 09193aPENA 97073aLosco, Georgina Daiana0 0265893164tRevista de derecho penal y criminología. Nº 2 - Marzo 2024dCiudad Autónoma de Buenos Aires : Thomson Reuters La Ley, 2017-x00347914 2udccANA